000 01062cad a22002175a 4500
001 E149685
008 100408e20100324xxk f f000 0 eng d
020 1 _a9780215553256
035 _a(Sirsi) u149685
041 0 _aeng
110 1 _aUnited Kingdom
_bParliament
_bHouse of Commons
_bTransport Committee
_95836
245 0 4 _aThe major road network
_beighth report of session 2009-10
_h[electronic resource]
260 _aLondon
_bHouse of Commons
_c2010
520 _aPresents the results of research carried out to determine progress on transport matters since the 1998 White Paper "A New Deal for Transport: Better for Everyone". Also examines what still remains to be done to maximise the efficiency and sustainability of England?s major road network.
521 _aAdvanced
590 _aKA
651 4 _aEngland
_y886-
690 _aPROPERTY-INFRASTRUCTURE-TRANSPORT INFRASTRUCTURE
856 4 0 _uhttps://www.publications.parliament.uk/pa/cm200910/cmselect/cmtran/505/505.pdf
_zView the item free of charge at www.publications.parliament.uk
942 _n0
999 _c110598
_d110598